One economics, many recipes globalization, institutions, and economic growth
Na minha lista:
| Autor principal: | |
|---|---|
| Formato: | Livro |
| Idioma: | inglês |
| Publicado em: |
Princeton
Princeton University Press
2009
|
| Assuntos: | |
| Tags: |
Sem tags, seja o primeiro a adicionar uma tag!
|
MARC
| LEADER | 00000nam a2200000 4500 | ||
|---|---|---|---|
| 001 | 0178412 | ||
| 005 | 20240306135859.1 | ||
| 020 | |a 978-0-691-14117-6 | ||
| 041 | 0 | |a eng | |
| 044 | |a US | ||
| 245 | 1 | 0 | |a One economics, many recipes |b globalization, institutions, and economic growth |c Dani Rodrik |
| 264 | 1 | |a Princeton |b Princeton University Press |c 2009 | |
| 300 | |a 263 s. | ||
| 610 | 2 | 0 | |a rozvoj hospodársky |
| 610 | 2 | 0 | |a rast hospodársky |
| 610 | 2 | 0 | |a spolupráca medzinárodná |
| 610 | 2 | 0 | |a inštitúcie finančné |
| 610 | 2 | 0 | |a investori |
| 610 | 2 | 0 | |a trh kapitálový |
| 610 | 2 | 0 | |a globalizácia |
| 100 | 1 | |a Rodrik, Dani | |